000 00659nam a2200253Ia 4500
003 OSt
005 20140320153645.0
008 140130s9999 xx 000 0 und d
020 _a9780439318624
050 _aPS 3566.R36
_b.It828 2001
100 _aPrelutsky, Jack.
245 _cJack Prelutsky.
_aIt's Raining Pig's & Noodles /
260 _bScholastic Inc.,
_cc2001.
_aUSA :
300 _a159 p. :
_bcol. ill. ;
_c24 cm.
440 _v1
521 _aG11
526 _c1090
650 _aChildren’s poetry, American.
650 _aHumorous poetry.
650 _aAmerican poetry.
942 _cBK
_2lcc
999 _c41422
_d41422